000 01122nam a22003857a 4500
001 BR2015006767
003 BR-BrBNA
005 20230928104744.0
007 ta
008 230509b bl.||||| |||| 00| 0 por d
040 _aBR-BrBNA
_bpor
_cBiblioteca Nacional de Agricultura
041 _a(Por)
072 _aQ60
090 _ Q60 BR2015006767
100 1 _aMaluf, M.L.F.
100 1 _aBoscolo, W.R.
100 1 _aFeiden, A.
100 1 _aFockink, D.H.
100 1 _aDallagnol, J.M.
100 1 _aHigushi, L.H
100 1 _aHilbig, C.C.
110 1 _aUniversidade Estadual do Oeste do Paraná, Toledo, PR (Brasil)
_910674
110 1 _aFundação Araucária, Curitiba, PR (Brasil)
110 1 _aSecretaria de Estado da Ciência, Tecnologia e Ensino Superior, Toledo, PR (Brasil)
245 1 _aCurtimento ecológico de peles de peixe
260 3 _aToledo, PR (Brasil):
_c2010.
300 _a32 p.
500 _a11 ref.; 44 illus.; 4 tables
650 _aPELE
650 _aPEIXE
650 _aPROCESSAMENTO
650 _aCURTIMENTO
909 _a202309
_bLucia
_c55
_dLucia Elande
942 _cBK
999 _c81577
_d81577